Music Quiz

Random Music or Clip Quiz

20 song clips in 2 minutes Quiz Stats

 Plays Quiz not verified by Sporcle

Challenge
Share
Tweet
20songs2minutes sound bite20songs2minutes sound bite
Score 0/20 Timer 06:00
0 Plays Today
time song % Correct
1:09 - 1:14Single Ladies
83.8%
0:13 - 0:17Losing My Religion
78.3%
0:07 - 0:12Paper Planes
77%
0:45 - 0:51It Wasn't Me
64.7%
0:30 - 0:35Don't Fear the Reaper
63.7%
1:44 - 1:51Numb
62.5%
0:51 - 0:57American Boy
55.9%
0:57 - 1:04100 years
39.2%
1:32 - 1:37Break Your Heart
32%
1:04 - 1:09Gimme More
30.1%
time song % Correct
0:00 - 0:061901
26.5%
0:41 - 0:45Animals
25.3%
1:26 - 1:31Live Like We're Dying
25%
0:17 - 0:23Check Yes Juliet
17.6%
1:14 - 1:19Potential Breakup Song
15.8%
0:24 - 0:30Drop The World
14.4%
1:51 - 2:00Hello Seattle
13%
1:19 - 1:26Boten Anna
8.3%
0:35 - 0:41White Liar
7.3%
1:38 - 1:44Everybody in Love
5.6%

You're not logged in!

Compare scores with friends on all Sporcle quizzes.
Join for Free
OR
Log In

You Might Also Like...

Show Comments

Extras

Top Quizzes Today


Score Distribution

Your Account Isn't Verified!

In order to create a playlist on Sporcle, you need to verify the email address you used during registration. Go to your Sporcle Settings to finish the process.

Report this User

Report this user for behavior that violates our Community Guidelines.

Details: